000 00495pab a2200181 454500
008 180718b2014 xxu||||| |||| 00| 0 eng d
100 _aMondal, Sanghita
245 _aFDI and firm competitiveness: Evidence from Indian manufacturing
260 _c2014
300 _ap.56-64.
362 _a20 Sep
650 _aIndia - Manufacturing industries
650 _aManufacturing industry
700 _aPant, Manoj
773 _aEconomic and Political Weekly
908 _aN
909 _a105796
999 _c105791
_d105791